| 000 | 01380nam a22002775a 4500 | ||
|---|---|---|---|
| 005 | 20161024130848.0 | ||
| 008 | 161019t2016 caua frb 000 0 eng d | ||
| 020 | _a9781483383262 | ||
| 040 |
_aEG-ScBUE _beng _cEG-ScBUE _dEG-ScBUE |
||
| 082 | 0 | 4 |
_a658.4092 _bCAS _222 |
| 245 | 0 | 0 |
_aCases in leadership / _c[edited by] W. Glenn Rowe, Laura Guerrero. |
| 250 | _a4th ed. | ||
| 260 |
_aThousand Oaks : _bSAGE Publications, _cc.2016. |
||
| 300 |
_axi, 472 p. : _bill. ; _c24 cm. |
||
| 490 | 0 | _aLvey casebook series | |
| 504 | _aIncludes bibliographical references. | ||
| 505 | 0 | _aPreface -- Acknowledgments -- Leadership: what is it? -- Leadership trait approach -- Leadership skills approach -- Leader style approach -- The situational approach to leadership -- The contingency theory of leadership -- The path-goal theory of leadership -- The leader-member exchange theory of leadership -- Transformational leadership -- Servant leadership -- Authentic leadership -- Team leadership -- Strategic leadership -- Women and leadership -- Culture and leadership -- Ethical leadership -- About the editors. | |
| 590 | _aShima | ||
| 650 | 7 |
_aLeadership _vCase studies. _2BUEsh _922635 |
|
| 650 | 7 |
_aManagement _vCase studies. _2BUEsh |
|
| 651 | _2BUEsh | ||
| 653 |
_bBUSADM _cOctober2016 |
||
| 700 | 1 |
_aRowe, W. Glenn, _eeditor. |
|
| 700 | 1 |
_aGuerrero, Laura, _eeditor. |
|
| 942 | _2ddc | ||
| 999 |
_c22717 _d22689 |
||